Tous les sorts dans Skyrim - Statistiques

Statistiques générales
  • Ce quiz a été pris 45 fois
  • Le résultat moyen est 22 sur 97
Statistiques - réponses
Type de sort Niveau du sort Sorts dans Skyrim % Correct
Sort de destruction Novice Flammes
83%
Sort de guérison Novice Soin
83%
Sort de destruction Spécialiste Boule de feu
66%
Sort de destruction Novice Etincelles
54%
Sort de destruction Novice Froid mordant
54%
Sort d'altération Novice Corps de chêne
51%
Sort de destruction Apprenti Rune de feu
51%
Sort de destruction Apprenti Rune de foudre
51%
Sort de destruction Apprenti Rune de glace
51%
Sort de guérison Apprenti Soin rapide
49%
Sort d'illusion Novice Clairvoyance
46%
Sort de conjuration Apprenti Conjuration d'Atronach de feu
46%
Sort d'altération Apprenti Corps de pierre
46%
Sort d'illusion Novice Furie
46%
Sort de destruction Apprenti Stalactite
46%
Sort de conjuration Expert Conjuration d'Atronach de foudre
43%
Sort de conjuration Spécialiste Conjuration d'Atronach de glace
43%
Sort de conjuration Apprenti Capture d'âme
40%
Sort de conjuration Novice Conjuration de familier
40%
Sort d'altération Spécialiste Corps de fer
40%
Sort de conjuration Novice Epée liée
40%
Sort de guérison Novice Moindre barrière
40%
Sort de destruction Apprenti Eclair enflammé
37%
Sort de destruction Maître Blizzard
34%
Sort de destruction Apprenti Eclair foudroyant
34%
Sort d'altération Novice Illumination
34%
Sort de guérison Spécialiste Péril des morts
34%
Sort de conjuration Apprenti Réanimation
34%
Sort d'illusion Apprenti Silence
34%
Sort d'altération Spécialiste Télékinésie
34%
Sort de destruction Maître Tempête de feu
34%
Sort d'illusion Expert Invisibilité
31%
Sort d'illusion Apprenti Peur
31%
Sort de destruction Spécialiste Tempête de glace
31%
Sort de guérison Apprenti Toucher apaisant
31%
Sort de conjuration Spécialiste Arc lié
29%
Sort d'illusion Apprenti Calme
29%
Sort de guérison Apprenti Moyenne barrière
29%
Sort de destruction Maître Tempête de foudre
29%
Sort d'altération Spécialiste (Spécial) Transmutation
29%
Sort d'altération Expert Corps d'ébonite
26%
Sort d'illusion Novice Courage
23%
Sort de guérison Spécialiste Grande barrière
23%
Sort d'altération Apprenti Rayonnement
23%
Sort de destruction Spécialiste Eclairs multiples
20%
Sort de guérison Apprenti Moindre péril des morts
20%
Sort de destruction Expert Incinération
17%
Sort de conjuration Apprenti (Spécial) Familier de feu
14%
Sort de guérison Expert Grand péril des morts
14%
Sort de conjuration Apprenti Hache d'armes liée
14%
Sort de destruction Expert Mur de feu
14%
Sort de destruction Expert Mur de foudre
14%
Sort de destruction Expert Mur de glace
14%
Sort d'altération Spécialiste Respiration aquatique
14%
Sort de conjuration Novice Allié d'outre-tombe
11%
Sort de destruction Spécialiste Aura enflammée
11%
Sort de destruction Spécialiste Aura glaciale
11%
Sort d'altération Novice (Spécial) Equilibre
11%
Sort de guérison Expert Fléau des morts
11%
Sort de destruction Expert Lance gelée
11%
Sort de conjuration Expert Surzombie
11%
Sort de guérison Spécialiste Cicatrisation
9%
Sort d'altération Expert Détection des morts
9%
Sort d'altération Spécialiste Détection des vivants
9%
Sort d'illusion Spécialiste Frénésie
9%
Sort de conjuration Maître Golem de feu
9%
Sort de conjuration Maître Golem zombie
9%
Sort de destruction Expert Trait de foudre
9%
Sort de destruction Spécialiste Aura foudroyante
6%
Sort de guérison Maître Cercle gardien
6%
Sort de conjuration Expert Conjuration de Seigneur Drémora
6%
Sort de destruction Novice (Spécial) Festin vampirique
6%
Sort de conjuration Maître Golem de foudre
6%
Sort de conjuration Maître Golem de glace
6%
Sort d'altération Maître Paralysie générale
6%
Sort de conjuration Spécialiste Revenant
6%
Sort de guérison Expert Soin magistral
6%
Sort de conjuration Spécialiste Bannissement de Daedra
3%
Sort de guérison Maître Calamité des morts-vivants
3%
Sort de guérison Expert Cercle de protection
3%
Sort d'altération Maître Cuirasse draconique
3%
Sort d'illusion Maître Harmonie
3%
Sort d'illusion Maître Hystérie
3%
Sort d'illusion Expert Pacification
3%
Sort d'illusion Maître Appel aux armes
0%
Sort de destruction Novice (Spécial) Convection d'Amiel
0%
Sort d'illusion Expert Déroute
0%
Sort d'illusion Maître Discorde
0%
Sort de conjuration Expert Expulsion de Daedra
0%
Sort d'illusion Spécialiste Inspiration
0%
Sort de conjuration Novice (Spécial) Invocation de drémora libre
0%
Sort de conjuration Apprenti (Spécial) Invocation de l'Ombre d'Arniel
0%
Sort de conjuration Expert Manipulation de Daedra
0%
Sort de guérison Spécialiste Moindre fléau des morts
0%
Sort d'altération Expert Parlysie
0%
Sort de guérison Spécialiste Soulagement
0%
Sort d'illusion Novice (Spécial) Vision du dixième oeil
0%
Aucun quiz correspondant
Distribution des résultats
% des personnes avec chaque résultat
Percentile par nombre de réponses
Votre historique - résultats
Vous n’avez pas pris ce quiz